| 000 | 01532nam a2200313 a 4500 | ||
|---|---|---|---|
| 001 | 000003872 | ||
| 003 | DO-SdBNP | ||
| 005 | 20250621074004.0 | ||
| 007 | ta | ||
| 008 | 090714t1987 dr ad 001 0 spa d | ||
| 040 |
_aDO-SdBNP _bspa _cBNPHU |
||
| 082 | 4 |
_a322.5097293 _bA873m _222 |
|
| 100 | 1 |
_aAtkins, G. Pope _911685 |
|
| 240 | 1 | 0 | _aArms & politics in the Dominican Republic |
| 245 | 1 | 4 |
_aLos militares y la política en la República Dominicana / _cG. Pope Atkins ; presentación Bernardo Vega ; edición José Chez Checo. |
| 260 |
_aSanto Domingo : _bFundación Cultural Dominicana, _c1987. _fTaller |
||
| 300 |
_a240 p. : _bil., gráfcs. ; _c23 cm. |
||
| 500 | _aIncluye índice onomástico. | ||
| 500 | _aIncluye datos biográficos del autor en la contracubierta. | ||
| 505 | 0 |
_gPresentación / _rBernardo Vega -- _tPrefacio -- _tIntroducción : algunos conceptos analíticos -- _tLas fuerzas armadas en el sistema político -- _tEl presidente y los generales -- _tCambio de guardia -- _tComienza el gobierno de Guzmán -- _tComentario bibliográfico -- _tÍndice onomástico -- _gCuadros. |
|
| 590 | _aInventariado, 2018/BT | ||
| 650 | 4 |
_aSupremacía de la autoridad civil _zRepública Dominicana _911687 |
|
| 651 | 0 |
_aRepública Dominicana _xPolítica y gobierno _945 |
|
| 651 | 4 |
_aRepública Dominicana _xFuerzas Armadas _xActividad política _911686 |
|
| 700 | 1 |
_aVega, Bernardo, _d1938 - _epról. _93222 |
|
| 700 | 1 |
_aChez Checo, José, _d1949- _eed. _910145 |
|
| 910 | _aValidado. Control de calidad. EMS | ||
| 942 |
_2ddc _cLBS1 |
||
| 999 |
_c3694 _d3694 |
||